| 000 | 00532nam a2200229Ia 4500 | ||
|---|---|---|---|
| 008 | 210210b xxu||||| |||| 00| 0 eng d | ||
| 020 | _a9788126158478 | ||
| 041 | _aeng | ||
| 082 | _a343.0998 SINP | ||
| 100 | _aSINGH (Sanjay Kumar) | ||
| 245 | _aPress laws and ethics of journalism | ||
| 260 |
_aND _bAnmol Publications Pvt. Ltd. _c |
||
| 300 | _aviii,288 | ||
| 650 | _aPress | ||
| 650 | _aof | ||
| 650 | _alaws | ||
| 650 | _ajournalism | ||
| 650 | _aethics | ||
| 650 | _aand | ||
| 690 | _aPress Laws | ||
| 906 | _a067903 | ||
| 999 |
_c150912 _d150912 |
||